| 000 | 00596nam a22002057a 4500 | ||
|---|---|---|---|
| 005 | 20140903122744.0 | ||
| 010 | _aENG-110703 | ||
| 020 |
_a9788120350052 _c295.00 |
||
| 035 | _aEN-94235 | ||
| 037 | _bDBAD/PUB | ||
| 082 | _a658.848 | ||
| 100 | _aPhadtare, Milind T. | ||
| 245 |
_aIndustrial marketing / _cby Milind T. Phadtare |
||
| 250 | _a2nd ed | ||
| 260 |
_aDelhi _bPHI Learning _c2014 |
||
| 270 |
_aRimjhim House, 111, Patparganj Industrial Estate _bDelhi _e110092 |
||
| 300 |
_axviii,277p. _c24cm(pbk) |
||
| 500 | _aIncludes index | ||
| 942 |
_2ddc _cEN _mPHA _h658.848 |
||
| 999 |
_c88246 _d88246 |
||